00546nam a2200133 a 450000100100000000500170001000800410002704000250006824500560009326001030014930000380025295201050029099900170039500004128920201002034747.0130927s20uu xxuac 000 0 spa d aDO-SdBNPbspacBNPHU00aReseña de la geografía de los Estados Unidos /. a[Estados Unidos ] :bSercicio Infarmativo y Cultural de los Estados Unidos de América,c[200-?]. a132 p. ; :bil., retrs. ;c21 cm. 001050718MOaGRbGRcCTd2013-09-27iLF1l0o p41289-10r2020-06-25w2020-06-25y1ZNo se presta c40779d40779